000 00580cad a22002175a 4500
001 L159832
008 150226s2018 xxk f 000 0 eng d
035 _a(Sirsi) u159833
041 0 _aeng
100 1 _aHooper, Brendon
_96168
245 0 0 _aAltitude problem
260 _c2018
490 _aModus
_vMarch 2018, 30-31 (2)
520 _aShortages of snow are forcing Alpine resorts to consider some off-piste solutions.
590 _aKA
650 2 4 _aCLIMATE CHANGE
650 2 4 _aSKI RESORTS
650 2 4 _aALPS
690 _aCommercial property
_96227
942 _n0
_2ddc
999 _c84999
_d84999